000 00653nam a22002297a 4500
003 Ost
005 20260313031019.0
008 260313b |||||||| |||| 00| 0 eng d
020 _a9780415728560
040 _cBT-PhCST
050 _a25744
082 _222
_a333.91
_bBUR
100 _aBurnett, Kimberly.
245 _aRoutledge handbook of water economics and institutions /
260 _aLondon :
_bRoutledge Taylor and Francis Gorup,
_cc2015.
300 _axvi, 409 p. :
_bill. ;
_c25 cm.
500 _aIncludes index.
700 _aHowitt, Richard.
700 _aRoumasset, James A.
700 _aWada, Christopher A.
942 _2ddc
_cWRE
999 _c10191
_d10191